000 00936cab a22002295a 4500
001 L159257
008 160405e2016 xxk 000 0 eng d
035 _a(Sirsi) u159257
041 0 _aeng
100 1 _aMoore, Louise
245 0 0 _aModern slavery and the property industry
260 _c2016
490 _aReal Estate Quarterly
_vSpring 2016, 12-14(3)
520 _aExplains how companies will be required to publish a publically available statement for each financial year setting out what steps they have taken to eliminate slavery and human trafficking in their business and supply chains in accordance with the Modern Slavery Act 2015. Outlines what the statement needs to cover and who needs to produce it and sign it off.
590 _aKA
650 2 4 _aMODERN SLAVERY ACT 2015
650 2 4 _aTRANSPARENCY
651 4 _aUnited Kingdom
_y
690 _aBusiness and management
700 1 _aOliver, Laura
942 _n0
999 _c84848
_d84848